Navrhovanie optimálnych štruktúr robotizovaných technologických komplexov

Bibliographic Details
Main Author: Muránsky, Juraj, 1934- (Author)
Format: Article
Language:Slovak
PhysicalDescription:Obr. 2.
Subjects:

MARC

LEADER 00000nab a2200000 a 4500
001 vtls000349441
003 SK-MaSNL
005 20260303122531.0
008 111202c1987 xo 0 slo
015 |a SNBRA19rr/mm-uuuuu 
035 |a CL0349563 
040 |a SNKBUCL  |b slo  |c SNKBUCL  |e AACR2 
041 0 |a slo 
044 |a xo  |c SK 
080 |a 685.51.03:007.52:519.711:681.32.06  |2 1981 
080 |a 007.52  |2 1981 
080 |a 519.711  |2 1981 
080 |a 681.32.06  |2 1981 
100 1 |a Muránsky, Juraj,  |d 1934-  |4 aut  |9 221952 
245 1 0 |a Navrhovanie optimálnych štruktúr robotizovaných technologických komplexov  |c J. Muránsky 
300 |b Obr. 2. 
650 0 7 |a komplexy technologické robotizované  |2 snkbucl  |9 948936 
650 0 7 |a optimalizácia štruktúr  |2 snkbucl  |9 1137258 
655 7 |a články zo zborníkov  |2 snkbucl  |9 166140 
773 0 |t Počítačové riadenie diskrétnych procesov 2  |d Bratislava : Dom techniky ČSVTS, 1987  |g S. 14-19 
850 |a Slovenská národná knižnica v Martine  |a MTA001 
852 |a SNK  |b KIS3GCP 
958 |a RK 
992 |a RZB 
999 |c 1921413  |d 1923343